Membership directories : 1994-95.
| Corporate Author: | |
|---|---|
| Format: | Book |
| Published: |
Vientione:
Lao National Chamber of Commerce and Industry,
[1994].
|
| Subjects: |
| LEADER | 00539cam a2200169 7i4500 | ||
|---|---|---|---|
| 001 | 0000006602 | ||
| 005 | 19991025090000.0 | ||
| 002 | ##000008301 | ||
| 020 | 0 | 0 | |a T000006286 |
| 090 | 0 | 0 | |a LAOS 338.7025 |b LAO |
| 110 | 0 | 0 | |a Lao National Chamber of Commerce and Industry |
| 245 | 0 | 0 | |a Membership directories : |b 1994-95. |
| 260 | 0 | 0 | |a Vientione: |b Lao National Chamber of Commerce and Industry, |c [1994]. |
| 300 | 0 | 0 | |a 176 p.. |
| 650 | 0 | 0 | |a Directories -- |x Business -- |z Laos |
| 651 | 0 | 0 | |a Laos |
| 999 | |a 0000008343 |b Book |c Open shelf |e Business Information Centre | ||